Italian City to Region #1 - Statistics

General Stats
  • This quiz has been taken 134 times
    126 since last reset
  • The average score is 14 of 20
Answer Stats
City Region % Correct
Rome Lazio
88%
Florence Tuscany
86%
Naples Campania
81%
Genoa Liguria
81%
Olbia Sardinia
81%
Messina Sicily
78%
Venice Veneto
75%
Perugia Umbria
74%
Catanzaro Calabria
73%
Brescia Lombardy
73%
Rimini Emilia- Romagna
69%
Ancona Marche
69%
Turin Piedmont
69%
Campobasso Molise
66%
Pescara Abruzzo
63%
Matera Basilicata
62%
Trieste Friuli- Venezia Giulia
61%
Bolzano Trentino Alto- Adige
61%
Aosta Aosta Valley
57%
Lecce Apulia
52%
No matching quizzes found
Score Distribution
Percent of People with Each Score
Percentile by Number Answered
Your Score History
You have not taken this quiz since the last reset